LEADER 01344nam a2200313 u 4500 001 000000084506 003 CaOOAMICUS 005 20070226124103.0 008 050622s2003 enk u000 u eng u 020 $a0-415-31840-8 (Set) 020 $a0-415-31849-1 (volume IX) 035 $a11052373 040 $aPUL$bita 100 1 $aStocks, John Leofric,$c1882-1937.$0(OLS)http://pul/name/55673 245 10$aMorality and purpose /$cby J.L. Stocks. 260 $aLondon :$bRoutledge & Kegan Paul,$c2003. 300 $aviii, 131 p. ;$c22 cm 490 1 $aStudies in ethics and the philosophy of religion ;$v9 500 $aContiene indice. 650 4$aValore (Filosofia).$0(OLS)http://pul/subject/4803 650 4$aFilosofia morale.$0(OLS)http://pul/subject/560 830 0$aStudies in ethics and the philosophy of religion ;$v9.$0(OLS)http://pul/title/75452 850 $aPUL 852 $aPUL$W1$xSL Religione 3$y85$m210 PHIDE 1.9$j121516$nBK-PRI$qDDC 21$B107455$CPULBib$Z2$F107455 $H98443 $82 941 1 $a9 996 $6020$a0-415-31840-8 (Set)$9(OLS)http://pul/number/111910 996 $6020$a0-415-31849-1 (volume IX)$9(OLS)http://pul/number/111946 996 $6245$aMorality and purpose$9(OLS)http://pul/title/109906 996 $6260$aLondon :$bRoutledge & Kegan Paul$9(OLS)http://pul/publisher/49630 LEADER 01841namaa2200421 i 4500 001 000000177377 003 CaOOAMICUS 005 20241018113551.0 008 241018s2024 it u000 u ita r 020 $a979-12-218-1460-6* 032 $aLibriCat 040 $aPUL$bita 082 14$a232.91 100 1 $aGherlone, Piermarino,$d1948-$0(OLS)http://pul/name/114069 245 13$aLa bellezza di Maria : $bIndagine sull'avvenenza perenne della Beata Vergine Madre di Dio /$cPiermarino Gherlone ; prefazione di Salvatore M. Perrella . 260 $aRoma :$bAracne,$c©2024. 300 $a617 pagine ;$c24 cm 336 $atesto$btxt$2rdacontent 337 $asenza mediazione$bn$2rdamedia 338 $avolume$bnc$2rdacarrier 490 1 $aVirgo liber Verbi ;$v17 500 $aNell'occhietto: Collana di mariologia. 504 $aBibliografia in nota a pič pagina. 650 04$aMariologia.$0(OLS)http://pul/subject/28018 700 1 $aPerrella, Salvatore M.,$cO.S.M,$d1952-,$eautore di introduzione.$0(OLS)http://pul/name/65 710 2 $aPontificia Facoltą teologica "Marianum".$0(OLS)http://pul/name/66 830 0$aVirgo liber Verbi ;$v17.$0(OLS)http://pul/title/199932 850 $aPUL 852 $aPUL$W1$xSL Religione 3$y85$m232. 91 GHEPI 1$j201333$qDDC 21$B206329$CPULBib$Z2$F206329 $H137452 $82 910 $aMarianum$966 941 1 $a9 960 $aMaria Virgo,$cs.$928018 960 $aMaria Virgo,$cs.$928018 996 $6020$a979-12-218-1460-6*$9(OLS)http://pul/number/170071 996 $6082$a232.91$9(OLS)http://pul/classification/543 996 $6245$aLa bellezza di Maria : $bIndagine sull'avvenenza perenne della Beata Vergine Madre di Dio$9(OLS)http://pul/title/218886 996 $6260$aRoma :$bAracne$9(OLS)http://pul/publisher/62189